UBT Library

Civil procedure : (Record no. 40485)

000 -LEADER
fixed length control field 00936cam a2200253 a 4500
001 - CONTROL NUMBER
control field 15892291
005 - DATE AND TIME OF LATEST TRANSACTION
control field 20180118080003.0
008 - FIXED-LENGTH DATA ELEMENTS--GENERAL INFORMATION
fixed length control field 090903s2009 mnu 001 0 eng
010 ## - LIBRARY OF CONGRESS CONTROL NUMBER
LC control number 2009378243
020 ## - INTERNATIONAL STANDARD BOOK NUMBER
International Standard Book Number 9780314184023 (hbk.)
020 ## - INTERNATIONAL STANDARD BOOK NUMBER
International Standard Book Number 9780314184016 (pbk. ; teacher's manual)
020 ## - INTERNATIONAL STANDARD BOOK NUMBER
International Standard Book Number 9780314925626 (pbk. ; comprehensive teacher's manual)
040 ## - CATALOGING SOURCE
Original cataloging agency DLC
Transcribing agency DLC
041 ## - LANGUAGE CODE
Language code of text/sound track or separate title eng
043 ## - GEOGRAPHIC AREA CODE
Geographic area code n-us---
080 ## - UNIVERSAL DECIMAL CLASSIFICATION NUMBER
Universal Decimal Classification number 347.735 JAC
082 00 - DEWEY DECIMAL CLASSIFICATION NUMBER
Classification number 347.735 JAC
Edition number 21
100 ## - Rafti
Rafti 14
101 ## - Shkurtesa
Shkurtesa JUR
245 00 - TITLE STATEMENT
Title Civil procedure :
Statement of responsibility, etc by Jack H. Friedenthal ... [et al.].
906 ## - LOCAL DATA ELEMENT F, LDF (RLIN)
a 7
b cbc
c origcop
d 2
e ncip
f 20
g y-gencatlg
942 ## - ADDED ENTRY ELEMENTS (KOHA)
Source of classification or shelving scheme
Item type Books
Holdings
Withdrawn status Lost status Source of classification or shelving scheme Damaged status Not for loan Collection code Permanent location Current location Shelving location Date acquired Total Checkouts Full call number Barcode Date last seen Price effective from Koha item type
          Koleksioni i përgjithshem UBT - Lipjan UBT - Lipjan Koleksioni i përgjithshem 01/18/2018   347.735 JAC 002-2995845 01/18/2018 01/18/2018 Books
UBT Library © 2015-2024. All rights reserved University Education for Business and Technology